| 000 | 00430nam a22001817a 4500 | ||
|---|---|---|---|
| 005 | 20240202151443.0 | ||
| 008 | 170925b xxu||||| |||| 00| 0 eng d | ||
| 020 | _a978-81-203-1247 | ||
| 041 | _aeng | ||
| 082 | _a632 | ||
| 100 |
_aRANGASWAMI.G. & MAHADEVAN.A _98415 |
||
| 245 | _aDISEASES OF CROP PLANTS IN INDIA | ||
| 250 | _a4th | ||
| 260 |
_bPHI LEARNING _c2023 |
||
| 300 | _a536;P | ||
| 650 | _aAGRICULTURE | ||
| 942 | _cBK | ||
| 999 |
_c5603 _d5601 |
||